[Event "33rd 8th March Women's It"]
[Site "Belgrade YUG"]
[Date "2000.03.05"]
[Round "3"]
[White "Prudnikova,S"]
[Black "Manakova,M"]
[Result "1-0"]
[WhiteElo "2421"]
[BlackElo "2348"]

1.Nf3 d5 2.d4 e6 3.c4 Nf6 4.g3 Be7 5.Bg2 O-O 6.O-O b6 7.Nc3 Bb7 8.Qb3 Nbd7
9.Rd1 Rc8 10.Be3 c6 11.Rac1 Bd6 12.Bh3 Qe7 13.Qa4 a6 14.cxd5 cxd5 15.Bf4 Bxf4
16.gxf4 b5 17.Qa5 Qd6 18.e3 Nb6 19.b3 b4 20.Ne2 Nbd7 21.Ne5 Nb8 22.Rxc8 Rxc8
23.Rc1 Ne4 24.Bg2 Rxc1+ 25.Nxc1 Qe7 26.Qb6 Nc3 27.Ned3 Nb5 28.Nc5 Nd6 29.Qxb4 Nc6
30.Qb6 Nc8  1-0

[Event "Oz.com qualifier blitz"]
[Site "Internet ICC"]
[Date "2000.03.05"]
[Round "3"]
[White "Mikhalevski,V"]
[Black "Olcayoz,A"]
[Result "1-0"]
[WhiteElo "2499"]
[BlackElo "2339"]

1.d4 Nf6 2.c4 e6 3.g3 d5 4.Nf3 Be7 5.Bg2 O-O 6.Qc2 c6 7.O-O Nbd7 8.b3 b6
9.Rd1 Ba6 10.Nbd2 Rc8 11.e4 c5 12.exd5 exd5 13.Bb2 cxd4 14.Nxd4 Bb4 15.Nf5 Bxd2
16.Qxd2 dxc4 17.Qg5 Ne8 18.Qxd8 Rxd8 19.Ne7+ Kh8 20.Nc6 Rc8 21.Rxd7 Bb5 22.Rd8 Rxd8
23.Nxd8 Nd6 24.Nb7 Nf5 25.Be4 Bd7 26.bxc4 Rb8 27.Rd1 Be6 28.Nd8 Kg8 29.Nxe6 fxe6
30.Rd7 Rc8 31.Bxf5 exf5 32.Rxg7+  1-0

[Event "Oz.com qualifier blitz"]
[Site "Internet ICC"]
[Date "2000.03.05"]
[Round "6"]
[White "Ippolito,D"]
[Black "Acevedo,A"]
[Result "1-0"]
[WhiteElo "2373"]
[BlackElo "2235"]

1.d4 d5 2.c4 e6 3.Nf3 Nf6 4.g3 Be7 5.Bg2 O-O 6.Qc2 a6 7.O-O dxc4 8.Qxc4 b5
9.Qc2 Bb7 10.Bg5 Nbd7 11.Bxf6 Bxf6 12.Ng5 Bxg5 13.Bxb7 Rb8 14.Bg2 Bf6 15.Rd1 Qe7
16.Nc3 c5 17.d5 Bxc3 18.d6 Qf6 19.bxc3 Rfd8 20.a4 Ne5 21.axb5 axb5 22.Ra7 Nc4
23.d7 g6 24.h4 h5 25.Qe4 Qxc3 26.Ra8 Rxa8 27.Qxa8 Qf6 28.Qc6 Qe7 29.Qxb5 Ne5
30.Bc6 Nxc6 31.Qxc6 c4 32.Qxc4 Rxd7 33.Qc8+  1-0

[Event "Oz.com qualifier blitz"]
[Site "Internet ICC"]
[Date "2000.03.05"]
[Round "9"]
[White "Edvardsson,K"]
[Black "Musanti,D"]
[Result "1-0"]
[WhiteElo "2170"]
[BlackElo "2285"]

1.d4 Nf6 2.Nf3 d5 3.c4 e6 4.g3 Be7 5.Bg2 O-O 6.O-O dxc4 7.Na3 Bxa3 8.bxa3 Nbd7
9.a4 Nb6 10.Ba3 Re8 11.Ne5 Nbd5 12.Qc2 Bd7 13.Qxc4 Rb8 14.Rfc1 b5 15.axb5 Bxb5
16.Qc2 c6 17.Nxc6 Bxc6 18.Qxc6 Qa5 19.Bc5 Nc3 20.Qf3 Nce4 21.Qd3 Nxc5 22.dxc5 Red8
23.Qc4 Nd5 24.c6 Rbc8 25.Rab1 Nb6 26.Qb3 Rd2 27.Rc2 g6 28.Qb2 Rd6 29.Rbc1 Rc7
30.h4 h6 31.Rc5 Qa4 32.h5 Qg4 33.Qe5 Nc8 34.hxg6 Qxg6 35.Be4 Qg7 36.Qf4 Kf8
37.Rb5 Ke7 38.Rb7 Kd8 39.Rb8 Ke7 40.Rcb1 e5 41.Qf5 Nb6 42.Rb7 Rxb7 43.cxb7 Rd8
44.a4 Qf6 45.a5 Nd7 46.Qxf6+ Kxf6 47.Rd1 Ke7 48.Rc1 Nb8 49.Rc7+ Kd6 50.Rc8 Kd7
51.Bf5+ Ke7 52.Rc7+ Kf6 53.Bd3 a6 54.Kg2 Ke6 55.Bc4+ Kd6 56.Rxf7 Nc6 57.Bxa6 Nxa5
58.Bb5 Rb8 59.Rf6+ Kc5 60.Ba6 Nc6 61.Rxh6 Nb4 62.Kf3 Rf8+ 63.Ke4 Nc6 64.Bd3 Kb6
65.Ke3 Kc7 66.Be4 Nd4 67.Rh7+ Kb8 68.f4 Ne6 69.Re7 exf4+ 70.gxf4 Nxf4 71.Bf3 Ng6
72.Rd7 Ne5 73.Rd5 Nc6 74.Rc5 Ne7 75.Ra5 Kc7 76.Ra8 Rb8 77.Kf4 Ng6+ 78.Kg5 Ne7
79.Be4 Nc6 80.Bxc6  1-0

[Event "Frisco Masters"]
[Site "San Francisco USA"]
[Date "2000.03.06"]
[Round "1"]
[White "Poehlmann,R"]
[Black "Ziatdinov,R"]
[Result "0-1"]
[WhiteElo "2175"]
[BlackElo "2473"]

1.Nf3 d5 2.d4 Nf6 3.c4 e6 4.g3 Be7 5.Bg2 O-O 6.O-O c6 7.Qc2 b6 8.b3 a5 9.Nbd2 a4
10.Rb1 axb3 11.axb3 Na6 12.Ne5 Nb4 13.Qc3 Bb7 14.Bb2 c5 15.e3 Qc7 16.Ra1 dxc4
17.Bxb7 Qxb7 18.dxc5 bxc5 19.bxc4 Rad8 20.Ra5 Bd6 21.Rb5 Qe7 22.Ng4 Ne8 23.Ne4 f5
24.Nxd6 Nxd6 25.Rxc5 Ne4 26.Rc7 Qxc7 27.Nh6+ Kh8 28.Qxb4 Nf6  0-1

[Event "FSIMA March"]
[Site "Budapest HUN"]
[Date "2000.03.11"]
[Round "6"]
[White "Zimmerman,Y"]
[Black "Struk,J"]
[Result "1-0"]
[WhiteElo "2397"]
[BlackElo "2268"]

1.d4 d5 2.c4 e6 3.Nf3 Nf6 4.g3 Be7 5.Bg2 O-O 6.Qc2 c5 7.cxd5 cxd4 8.Nxd4 Nxd5
9.O-O Qb6 10.Rd1 Bc5 11.e3 Nc6 12.Nxc6 bxc6 13.Nc3 Nxc3 14.Qxc3 Bb7 15.b3 Be7
16.Qc4 Bf6 17.Ba3 Bxa1 18.Bxf8 Rxf8 19.Rxa1 c5 20.Bxb7 Qxb7 21.Qxc5 Rc8 22.Qd4 h5
23.h4 g6 24.e4 Qe7 25.Rd1 Qa3 26.Qd2 a5 27.Kg2 Qc5 28.Qd3 Qc6 29.Kg1 Qc5
30.Qd4 Qc6 31.a3 Qc2 32.Rd3 Qc5 33.Qd7 Rb8 34.Qa4 Qc2 35.Rd4 Qxb3 36.Qxa5 Qb1+
37.Kg2 Kg7 38.Rb4 Rxb4 39.Qxb4 Qd3 40.a4 f5 41.Qb7+ Kh6 42.exf5 Qxf5 43.Qa8 Kg7
44.a5 g5 45.Qb7+ Kg6 46.a6 gxh4 47.a7 h3+ 48.Kg1 h2+ 49.Kg2 h4 50.a8=Q h3+
51.Kxh2 Qxf2+  1-0

[Event "FSIMA March"]
[Site "Budapest HUN"]
[Date "2000.03.12"]
[Round "7"]
[White "Struk,J"]
[Black "Weglarz,L"]
[Result "0-1"]
[WhiteElo "2268"]
[BlackElo "2387"]

1.d4 d5 2.Nf3 Nf6 3.c4 e6 4.g3 Be7 5.Bg2 O-O 6.O-O dxc4 7.Qc2 a6 8.a4 Bd7
9.Qxc4 Bc6 10.Bg5 a5 11.Nc3 Na6 12.Bxf6 Bxf6 13.e4 Nb4 14.Rfd1 b6 15.Rac1 Bb7
16.h4 Ba6 17.Qb3 Nd3 18.Rc2 c5 19.Nb5 Nb4 20.Rcd2 Bxb5 21.axb5 Bxd4 22.Nxd4 cxd4
23.Rxd4 Qc7 24.Rd7 Qc5 25.Bh3 Rae8 26.Qf3 Qxb5 27.h5 h6 28.Kg2 Nd5 29.exd5 Qxd7
30.dxe6 Qb5 31.Rd5 Qxb2 32.Rf5 Rxe6 33.Rxf7 Rf6 34.Rxf8+ Kxf8 35.Qa8+ Ke7
36.Qb7+ Kd6 37.Qd7+ Kc5 38.Qc7+ Kb4 39.Qe7+ Ka4 40.Bd7+ b5 41.Qe4+ Ka3 42.Qe7+ b4
43.Qc5 Rxf2+ 44.Qxf2 Qxf2+ 45.Kxf2 b3  0-1

[Event "La Perla Open"]
[Site "Lugano SUI"]
[Date "2000.03.12"]
[Round "7"]
[White "Horvath,Jo"]
[Black "Astengo,C"]
[Result "1-0"]
[WhiteElo "2557"]
[BlackElo "2189"]

1.d4 Nf6 2.c4 e6 3.g3 d5 4.Bg2 Be7 5.Nf3 O-O 6.Qc2 b6 7.cxd5 exd5 8.O-O Bb7
9.Nc3 Na6 10.Rd1 c5 11.Bf4 Nc7 12.Be5 Ne6 13.e3 c4 14.Bxf6 Bxf6 15.Ne5 a6
16.Nxc4 Rc8 17.Ne5 b5 18.a3 Qd6 19.Nd3 Rfd8 20.Qd2 Nc7 21.Nc5 Ba8 22.b4 Ne6
23.a4 Qb6 24.axb5 axb5 25.Rxa8 Rxa8 26.Nxd5  1-0

[Event "Dos Hermanas Qualifier"]
[Site "Internet ICC"]
[Date "2000.03.18"]
[Round "1.1"]
[White "Mikhalevski,V"]
[Black "Almasi,I"]
[Result "0-1"]
[WhiteElo "2499"]
[BlackElo "2420"]

1.d4 Nf6 2.c4 e6 3.g3 d5 4.Bg2 Be7 5.Nf3 O-O 6.Qc2 Nbd7 7.O-O c6 8.b3 b6
9.Rd1 Ba6 10.Nbd2 Rc8 11.e4 c5 12.exd5 exd5 13.Bb2 cxd4 14.Nxd4 b5 15.Qf5 bxc4
16.bxc4 g6 17.Qh3 dxc4 18.Nc6 Rxc6 19.Bxc6 Qb6 20.Bxd7 Qxb2 21.Rab1 Qa3 22.Nf3 Qxf3
23.Ba4 Ne4 24.Bc6 Qxf2+ 25.Kh1 Qf3+ 26.Qg2 Nf2+ 27.Kg1 Qxg2+ 28.Kxg2 Nxd1
29.Rxd1 Rc8 30.Be4 c3 31.Kf3 Bg5 32.Bc2 Re8 33.Bb3 Be2+  0-1

[Event "Bundesliga 1999-2000"]
[Site "Godesberg GER"]
[Date "2000.03.26"]
[Round "13"]
[White "Kengis,E"]
[Black "Hertneck,G"]
[Result "1-0"]
[WhiteElo "2574"]
[BlackElo "2571"]

1.Nf3 d5 2.d4 Nf6 3.c4 e6 4.g3 Be7 5.Bg2 O-O 6.Qc2 Na6 7.O-O Nb4 8.Qb3 dxc4
9.Qxc4 b5 10.Qb3 a5 11.Nc3 Rb8 12.Bf4 a4 13.Qd1 Bb7 14.Rc1 Nbd5 15.Nxd5 Nxd5
16.Bd2 Nb6 17.Bf4 Rc8 18.Qd3 b4 19.Ng5 Bxg5 20.Bxg5 Qxg5 21.Bxb7 Rb8 22.Rxc7 Nd5
23.Bxd5 Qxd5 24.b3 axb3 25.axb3 e5 26.dxe5 Qxe5 27.Qc4 Rb6 28.Rd1 Rf6 29.Rc8 Qe7
30.Qc7 Qxc7 31.Rxc7 g6 32.Rb7 Re8 33.e3  1-0

[Event "FSIMB April"]
[Site "Budapest HUN"]
[Date "2000.04.02"]
[Round "2"]
[White "Karttunen,M"]
[Black "Vadasz,L"]
[Result "1-0"]
[WhiteElo "2313"]
[BlackElo "2285"]

1.d4 Nf6 2.c4 e6 3.g3 d5 4.Bg2 Be7 5.Nf3 O-O 6.O-O dxc4 7.Qc2 a6 8.a4 Bd7
9.Qxc4 Bc6 10.Bg5 Nbd7 11.Nc3 a5 12.Rfe1 Be4 13.Nxe4 Nxe4 14.Bxe7 Qxe7 15.Qxc7 Nef6
16.Ne5  1-0

[Event "19th Open"]
[Site "Reykjavik ISL"]
[Date "2000.04.08"]
[Round "4"]
[White "Wojtkiewicz,A"]
[Black "Korchnoi,V"]
[Result "0-1"]
[WhiteElo "2563"]
[BlackElo "2659"]

1.Nf3 d5 2.d4 Nf6 3.c4 e6 4.g3 Be7 5.Bg2 O-O 6.O-O Nbd7 7.Qc2 c6 8.Rd1 b6
9.b3 Ba6 10.Bb2 Rc8 11.Nc3 dxc4 12.Ne5 cxb3 13.axb3 Nb8 14.e4 Qc7 15.Nc4 b5
16.Ne3 b4 17.Na4 Bb5 18.Nc5 Nbd7 19.Nd3 Rfd8 20.f4 Qb8 21.Kh1 c5 22.d5 exd5
23.exd5 Bd6 24.Nf5 c4 25.bxc4 Bxc4 26.Qf2 Bf8 27.Ne5 Nxe5 28.fxe5 Nxd5 29.Rd4 Qb6
30.e6 Qxe6 31.Re1 Qb6 32.Bc1 Ne7  0-1

[Event "19th Open"]
[Site "Reykjavik ISL"]
[Date "2000.04.09"]
[Round "5"]
[White "Edvardsson,K"]
[Black "Marks,H"]
[Result "1/2-1/2"]
[WhiteElo "2170"]
[BlackElo "2085"]

1.d4 Nf6 2.c4 e6 3.g3 d5 4.Bg2 Be7 5.Nf3 O-O 6.O-O Nbd7 7.Qc2 c6 8.b3 a5
9.a3 b5 10.c5 Ne4 11.Nbd2 f5 12.Bb2 Ra7 13.b4 a4 14.Rad1 Ng5 15.Ne5 Nxe5
16.dxe5 Bd7 17.e3 Qc8 18.f3 Be8 19.Nb1 Bh5 20.Nc3 Nf7 21.Ne2 g5 22.e4 Nd8
23.exf5 exf5 24.Nd4 Bg6 25.f4 g4 26.h3 Ne6 27.Qe2 Nxd4 28.Rxd4 Qe6 29.Qd1 Rd7
30.Rd2 h5 31.Bd4 Bd8 32.hxg4 hxg4 33.Kf2 Rh7 34.Bb2 Bf7 35.Rh1 Be7 36.Rd4 Rxh1
37.Qxh1 Kg7 38.Qb1 Kg6 39.Rd1 Rh8 40.Bd4 Rh7 41.Rh1 Rxh1 42.Qxh1 Kg7 43.Bf1 Be8
44.Bd3 Bd8 45.Qb1 Kg6 46.Qc2 Be7 47.Be2 Kh6 48.Be3 Kg7 49.Bd3 Bg6 50.Bd4 Bd8
51.Ke3 Be7 52.Qd1 Be8 53.Bc2 Bd8 54.Kd3 Kg6 55.Kc3 Kg7 56.Qd3 Kg6 57.Bxa4 bxa4
58.Qa6 Bf7 59.Qxa4 Qc8 60.Qa7 Be6 61.a4 Qc7 62.Qa6 Qc8 63.Qe2 Bc7 64.Kb3 Qh8
65.Qg2 Qa8 66.Qh1 Qa6 67.Qc1 Qd3+ 68.Qc3 Qxc3+ 69.Kxc3 Bd7 70.Kb3 Kf7 71.Bc3 Ke8
72.a5 Bc8 73.b5 cxb5 74.Kb4 Bd7 75.c6 Bxc6 76.Kc5 Ba8 77.Kxb5 Kd7 78.Kc5 Bb8  1/2-1/2

[Event "zt 1.2"]
[Site "Pula CRO"]
[Date "2000.04.13"]
[Round "3"]
[White "Kurajica,B"]
[Black "Hertneck,G"]
[Result "1/2-1/2"]
[WhiteElo "2530"]
[BlackElo "2571"]

1.Nf3 d5 2.d4 Nf6 3.c4 e6 4.g3 Be7 5.Bg2 O-O 6.O-O b6 7.cxd5 exd5 8.Nc3 Re8
9.Bf4 Bb7 10.Rc1 Na6 11.Qa4 Nh5 12.Be3 c6 13.Ne5 Rc8 14.g4 Nf6 15.g5 Nd7
16.Nxd7 Qxd7 17.Nxd5 Bd6 18.Nc3 Bb8 19.d5 Qd6 20.Qh4 cxd5 21.Nb5 Qb4 22.Qxb4 Nxb4
23.Nc3 Be5 24.Rfd1 Rcd8 25.a3 Na6 26.Nb5 Bb8 27.b4 Re7 28.Bxd5 Red7 29.Nc3 Bxd5
30.Rxd5 Rxd5 31.Nxd5 Kf8 32.Nc3 Nc7 33.Bf4 Ne6 34.Bxb8 Rxb8 35.Ne4 Ke7 36.e3 Rd8
37.f4 Rd5 38.Rc8 h6 39.gxh6 gxh6 40.Re8+ Kxe8 41.Nf6+ Ke7 42.Nxd5+ Kd6 43.Nc3 a5
44.Kf2 axb4 45.axb4 Nc7 46.e4 Na6 47.Nd5 f5 48.Ke3 b5 49.h4 h5 50.Kd4 fxe4
51.Kxe4 Ke6 52.f5+ Kd6 53.f6 Ke6 54.Ke3 Nb8 55.Kd4 Na6 56.Ke4 Nb8 57.Nf4+ Kxf6
58.Nxh5+ Kg6 59.Nf4+ Kh6 60.Kd4 Na6  1/2-1/2

[Event "Women's Open"]
[Site "St Petersburg RUS"]
[Date "2000.04.14"]
[Round "8"]
[White "Rakitskaja,M"]
[Black "Zainullina,R"]
[Result "1-0"]
[WhiteElo "2162"]
[BlackElo "2164"]

1.Nf3 Nf6 2.d4 d5 3.c4 e6 4.g3 Be7 5.Bg2 O-O 6.O-O Nbd7 7.b3 c5 8.e3 Qc7
9.Nc3 dxc4 10.Nb5 Qc6 11.bxc4 cxd4 12.Ne5 Qb6 13.exd4 Nxe5 14.dxe5 Rd8 15.Qe2 Ne8
16.a4 Qa5 17.Be3 a6 18.Na7 Rb8 19.Nxc8 Rbxc8 20.Bxb7 Rb8 21.Qf3 Rd3 22.Be4 Rdb3
23.Bc2 R3b7 24.Rfd1 Bc5 25.Be4 Rb3 26.Rd7 f5 27.Bxf5 exf5 28.Qd5+ Kh8 29.Qxc5 Rb1+
30.Rxb1 Rxb1+ 31.Kg2 Qxc5 32.Bxc5 Kg8 33.Re7 Rb8 34.Bd6 Rc8 35.c5  1-0

[Event "Schloss Open"]
[Site "Werther GER"]
[Date "2000.04.15"]
[Round "3"]
[White "Geisler,R"]
[Black "Schnur,G"]
[Result "1/2-1/2"]
[WhiteElo "2235"]
[BlackElo "2111"]

1.d4 e6 2.c4 d5 3.Nf3 Nf6 4.g3 Be7 5.Bg2 O-O 6.Qc2 Nbd7 7.O-O c6 8.Nbd2 Qc7
9.b3 dxc4 10.Nxc4 c5 11.Bf4 Qc6 12.Rad1 cxd4 13.Nxd4 Qc5 14.Bc1 Qh5 15.h3 Ne5
16.Nxe5 Qxe5 17.Nf3  1/2-1/2

[Event "Millennium Masters"]
[Site "Oakham ENG"]
[Date "2000.04.19"]
[Round "9"]
[White "Pert,N"]
[Black "McDonald,N"]
[Result "1/2-1/2"]
[WhiteElo "2396"]
[BlackElo "2438"]

1.d4 d5 2.c4 e6 3.Nf3 Be7 4.g3 Nf6 5.Bg2 O-O 6.O-O dxc4 7.Qc2 a6 8.a4 Bd7
9.Rd1 Bc6 10.Nc3 Nd5 11.e4 Nxc3 12.bxc3 b5 13.Ne5 Bb7 14.Qb1 Nc6 15.Nxc4 e5
16.Be3 exd4 17.cxd4 bxc4 18.Qxb7 Na5 19.Qb2 Rb8 20.Qc2 Rb3 21.Bf1 Bb4 22.Rac1 Rc3
23.Qb2 Rb3 24.Qc2 Rc3 25.Qe2 Rxc1 26.Rxc1 Qa8 27.Qg4 Re8 28.d5 h5 29.Qf3 c3
30.Qxh5 Rxe4 31.Bd3 g6 32.Qg5 Be7 33.Qh6 Bf8 34.Qg5 Be7 35.Qh6 Bf8 36.Qg5 Be7  1/2-1/2

[Event "XVIII Open"]
[Site "Metz FRA"]
[Date "2000.04.22"]
[Round "8"]
[White "Sulava,N"]
[Black "Bauer,Ch"]
[Result "1/2-1/2"]
[WhiteElo "2486"]
[BlackElo "2517"]

1.d4 Nf6 2.c4 e6 3.g3 d5 4.Bg2 Be7 5.Nf3 O-O 6.Qc2 dxc4 7.Nbd2 c5 8.dxc5 Nc6
9.Nxc4 Bxc5 10.O-O Qe7 11.Nfe5 Nxe5 12.Nxe5 Qc7 13.Be3 Bd6 14.Qxc7 Bxc7 15.Nc4 Nd5
16.Bc5 Rd8 17.Ne3 b6 18.Nxd5 exd5 19.Bd4 Ba6 20.Rfc1 Rd7 21.e3 Rad8 22.Rc3 Bd6
23.Rac1 Bc4 24.b3 Ba6 25.a4 Kf8 26.h4 f6 27.f4 Bb4 28.Rc7 Bd6 29.R7c6 Bb7
30.R6c2 Ba3 31.Ra1 Bb4 32.Kf2 Ba6 33.Rd1 Kf7 34.g4 h6 35.Bf3 Be7 36.Ra1 Bb4
37.g5 hxg5 38.hxg5 fxg5 39.fxg5 Bd3 40.Rc6 Rd6 41.Rc7+ R8d7 42.Rac1 Bf5 43.Be5 Rxc7
44.Rxc7+ Rd7 45.Bxd5+ Kg6 46.Rxd7 Bxd7 47.Be4+ Kxg5 48.Bxg7 b5 49.axb5 Bxb5
50.Bc2 a5 51.Kf3 Bc6+ 52.e4 Kg6 53.Bd4 Kf7 54.Bb6 Ke6 55.Ke3 Be1 56.Bc5 Ke5
57.Bd4+ Ke6 58.Bb2 Bb4 59.Kd4 Bb5 60.Bd1 Bd6 61.Bg4+ Ke7 62.Bc3 Bc7 63.Kc5 Bd3
64.e5 Bc2 65.Kc4 Bg6 66.Bf3 Bf5 67.Bd5 Kd7 68.Kb5 Bd3+ 69.Bc4 Bf5 70.Ka6 Bg4
71.Bd5 Be2+ 72.Kb7 Bd8 73.Bc4 Bg4 74.Be1 Bf5 75.Bd5 Bg4 76.Bf2 Bg5 77.Bb6 Bd2
78.Bc4 Bc3 79.Bc7 Bf3+ 80.Kb8 Bd1 81.Bd6 a4 82.Bb5+ Ke6 83.bxa4 Bxe5 84.Bxe5 Bxa4
85.Bxa4 Kxe5  1/2-1/2

[Event "ch-DEN"]
[Site "Aalborg DEN"]
[Date "2000.04.24"]
[Round "9"]
[White "Schandorff,L"]
[Black "Hansen,LB"]
[Result "0-1"]
[WhiteElo "2511"]
[BlackElo "2569"]

1.d4 Nf6 2.c4 e6 3.Nf3 d5 4.g3 Be7 5.Bg2 O-O 6.Qc2 Nbd7 7.O-O c6 8.b3 b6
9.Rd1 Ba6 10.Bf4 Rc8 11.Nc3 Nh5 12.e4 Nxf4 13.gxf4 Nf6 14.e5 Nh5 15.Ne2 b5
16.cxd5 cxd5 17.Qd2 b4 18.Ng3 Nxg3 19.hxg3 Rc3 20.Rac1 Qa5 21.Rxc3 bxc3 22.Qc2 Bb5
23.Bf1 a6 24.Kg2 g6 25.Nh2 h5 26.g4 hxg4 27.Nxg4 Rc8 28.Bxb5 Qxb5 29.Rh1 Kg7
30.Rh3 Qb4 31.f5 exf5 32.Qc1 Rh8 33.Rxh8 Kxh8 34.Qh6+ Kg8 35.Nf6+ Bxf6 36.exf6 Qf8
37.Qc1 Qd6 38.Qxc3 Qxf6 39.a4 Qe6 40.b4 Qe4+ 41.Kf1 f4 42.f3 Qb1+ 43.Qe1 Qd3+
44.Qe2 Qxd4 45.Qxa6 Qxb4 46.Qa8+ Kg7 47.Qxd5 Qxa4 48.Qe5+ Kg8 49.Qd5 Qa6+
50.Kf2 Qb6+ 51.Kg2 Qb2+ 52.Kf1 Qc1+ 53.Kg2 Qe3 54.Qd8+ Kg7 55.Qd5 Kh6 56.Qa8 f6
57.Qd5 Qe2+ 58.Kg1 Qe5 59.Qa8 Kg5 60.Kg2 Qe2+ 61.Kh3 Qf1+ 62.Kh2 Qf2+ 63.Kh1 Qe2
64.Qc6 Kh4 65.Qxf6+ Kh3  0-1

[Event "Japfa Classic"]
[Site "Bali INA"]
[Date "2000.04.24"]
[Round "3"]
[White "Karpov,An"]
[Black "Milos,G"]
[Result "1/2-1/2"]
[WhiteElo "2696"]
[BlackElo "2620"]

1.d4 Nf6 2.c4 e6 3.g3 d5 4.Bg2 Be7 5.Nf3 O-O 6.O-O dxc4 7.Qc2 a6 8.a4 Bd7
9.Qxc4 Bc6 10.Bg5 a5 11.Nc3 Na6 12.Bxf6 Bxf6 13.e4 Nb4 14.Rfd1 b6 15.Rd2 Bb7
16.Qe2 Ba6 17.Qe3 c6 18.h4 Qc7 19.Rc1 Rad8 20.e5 Be7 21.Ng5 Rd7 22.Be4 g6
23.b3 Qd8 24.Rcd1 Nd5 25.Nxd5 cxd5 26.Bd3 Bxd3 27.Rxd3 Rc7 28.Rc1 b5 29.axb5 Bxg5
30.hxg5 Rxc1+ 31.Qxc1 Qb6 32.Qc6 Rb8 33.Rf3 Qxb5 34.Qc7 Rf8 35.Kg2 a4 36.bxa4 Qxa4
37.Rf4 Qb4 38.Qa7 Kg7 39.Qa1 Qe7 40.Qc1 Ra8 41.Rh4 Rd8 42.Qf4 Kg8 43.Rh1 Qf8
44.Qh4 Qg7 45.Qh6 Rb8 46.Ra1 Qf8 47.Qh4 Ra8 48.Rh1 Qg7  1/2-1/2

[Event "Match"]
[Site "Cannes FRA"]
[Date "2000.04.26"]
[Round "6"]
[White "Tkachiev,V"]
[Black "Piket,Je"]
[Result "1-0"]
[WhiteElo "2670"]
[BlackElo "2633"]

1.d4 Nf6 2.c4 e6 3.g3 d5 4.Nf3 Be7 5.Bg2 O-O 6.O-O dxc4 7.Qc2 a6 8.a4 Bd7
9.Qxc4 Bc6 10.Bg5 Bd5 11.Qc2 Be4 12.Qc1 Nc6 13.Nbd2 Nxd4 14.Nxd4 Bxg2 15.Nxe6 fxe6
16.Kxg2 Qd5+ 17.Nf3 c5 18.Rd1 Qc6 19.Qc2 h6 20.Bf4 Rfd8 21.a5 Rxd1 22.Rxd1 Rd8
23.Rc1 Bf8 24.Qg6 Qe4 25.Qxe4 Nxe4 26.Be3 Rd5 27.Ne1 Nf6 28.Nd3 Nd7 29.Nf4 Rd6
30.Ng6 b6 31.Bf4 Rc6 32.Rd1 Kf7 33.Nxf8 Nxf8 34.Rd6 Rxd6 35.Bxd6 bxa5 36.Bxc5 Nd7
37.Ba3 e5 38.Kf3 Ke6 39.e4 h5 40.Ke3 g5 41.f3 Nb6 42.h3 Na8 43.Bc5 Kd7 44.Kd3 Nc7
45.Bb6 Ne6 46.Bxa5 h4 47.Be1 Nd4 48.Ke3 hxg3 49.Bxg3 Nc6 50.Kd3 Ke6 51.Bf2 Ne7
52.Be3 Kf6 53.Bb6 Nc8 54.Bc5 Kg6 55.Kc4 Kh5 56.Kd5 Kh4 57.Kxe5 Kxh3 58.Kf5 Kg3
59.Kxg5 Kxf3 60.Kf5 Ke2 61.Ke6 Kd3 62.e5 Ke4 63.b4 Kf4 64.Kd7 Kxe5 65.Kxc8  1-0

[Event "Open"]
[Site "Dubai UAE"]
[Date "2000.04.30"]
[Round "3"]
[White "Anastasian,A"]
[Black "Abdennabi,I"]
[Result "1-0"]
[WhiteElo "2606"]
[BlackElo "2402"]

1.c4 Nf6 2.d4 e6 3.Nf3 d5 4.g3 Be7 5.Bg2 O-O 6.O-O dxc4 7.Qc2 a6 8.a4 Bd7
9.Qxc4 Bc6 10.Bg5 Bd5 11.Qd3 Be4 12.Qe3 Nbd7 13.Nc3 Bg6 14.Nh4 c6 15.Nxg6 hxg6
16.Qd3 Qa5 17.h4 Rad8 18.Rfd1 Rfe8 19.Qd2 Bb4 20.Qc2 Nf8 21.Na2 Be7 22.Bd2 Qc7
23.e3 Bd6 24.f4 Qb8 25.Bf3 Qa7 26.Qb3 a5 27.Kg2 Bc7 28.Nc1 N8d7 29.Nd3 Nd5
30.Rac1 Bd6 31.e4 Ne7 32.Be3 Rb8 33.Bf2 Qa6 34.Nc5 Bxc5 35.dxc5 Red8 36.Rd6 Nf8
37.Rcd1 Re8 38.Qc3 Qa8 39.Bd4 f6 40.Bxf6 gxf6 41.Qxf6 b5 42.h5 Rb7 43.h6 Nd5
44.exd5 Rf7 45.Qd4 cxd5 46.axb5 a4 47.Ra6 Qb8 48.Qxa4 g5 49.b6 gxf4 50.Bh5 Rf5
51.Qxe8  1-0

[Event "Open"]
[Site "Dubai UAE"]
[Date "2000.05.02"]
[Round "5"]
[White "Timoshenko,G"]
[Black "Abdennabi,I"]
[Result "1/2-1/2"]
[WhiteElo "2584"]
[BlackElo "2402"]

1.d4 Nf6 2.c4 e6 3.g3 d5 4.Nf3 Be7 5.Bg2 O-O 6.O-O dxc4 7.Qc2 a6 8.a4 Bd7
9.Qxc4 Bc6 10.Bg5 Bd5 11.Qd3 c5 12.Nc3 Bc6 13.Rfd1 cxd4 14.Nxd4 Bxg2 15.Kxg2 Qa5
16.Bxf6 Bxf6 17.Ne4 Bxd4 18.Qxd4 Nc6 19.Qc5 Qc7 20.b4 h6 21.b5 Qe5 22.Qxe5 Nxe5
23.b6 a5 24.Rac1 Ra6 25.Rd6 Nc6 26.Rb1 Ne5 27.Rc1 Nc6 28.Rb1 Ne5 29.Nd2 Rc8
30.Rb5 Nc4 31.Nxc4 Rxc4 32.Rd8+ Kh7 33.Rd7 Rxa4 34.Rxf7 Rb4 35.Rc5 Raxb6
36.Rcc7 Rg4 37.h3 Rg6 38.h4 e5 39.f3 h5 40.Rf5 Rgc6 41.Rxh5+ Kg8 42.Rd7 Rd6
43.Rc7 Rdc6 44.Rd7 Rd6 45.Rc7  1/2-1/2

[Event "New York Open"]
[Site "New York USA"]
[Date "2000.05.06"]
[Round "3"]
[White "Miton,K"]
[Black "Nielsen,PH"]
[Result "0-1"]
[WhiteElo "2425"]
[BlackElo "2564"]

1.d4 e6 2.c4 Nf6 3.g3 d5 4.Bg2 Be7 5.Nf3 O-O 6.O-O dxc4 7.Nc3 Nbd7 8.e4 a6
9.a4 Rb8 10.a5 b5 11.axb6 Nxb6 12.Qc2 Bb7 13.Rd1 h6 14.Bf4 Bb4 15.Ne5 Qe7
16.Na4 Rbc8 17.Bd2 Bxd2 18.Rxd2 Nxa4 19.Rxa4 c5 20.Rxc4 cxd4 21.Rdxd4 Rfd8
22.Rxd8+ Qxd8 23.Rxc8 Qxc8 24.Qxc8+ Bxc8 25.b4 Kf8 26.f3 Ke7 27.Kf2 Nd7 28.Nc4 Nb8
29.Na5 Kd7 30.Ke3 Nc6 31.Nxc6 Kxc6 32.Kd4 e5+ 33.Kc3 g5 34.Bf1 Kb6 35.Bc4 f6
36.Be2 Bd7 37.Bc4 g4 38.fxg4 Bxg4 39.Bd3 Bd7 40.Bc4 Bc6 41.Bd3 Bd7  0-1

[Event "New York Open"]
[Site "New York USA"]
[Date "2000.05.07"]
[Round "5"]
[White "Kaidanov,G"]
[Black "Bauer,Ch"]
[Result "1-0"]
[WhiteElo "2599"]
[BlackElo "2517"]

1.d4 Nf6 2.c4 e6 3.Nf3 d5 4.g3 Be7 5.Bg2 O-O 6.O-O dxc4 7.Qc2 a6 8.a4 Bd7
9.Qxc4 Bc6 10.Bg5 Bd5 11.Qc2 Be4 12.Qc1 Nc6 13.Nbd2 Nxd4 14.Nxd4 Bxg2 15.Nxe6 fxe6
16.Kxg2 c5 17.a5 Qd5+ 18.Nf3 Rad8 19.Qc2 Qc6 20.Qa4 Qxa4 21.Rxa4 Rd5 22.Rc1 h6
23.Be3 Nd7 24.Rac4 Rb8 25.Re4 Kf7 26.Nd2 Bf6 27.Rc2 b5 28.axb6 Rxb6 29.Nc4 Rb3
30.Bc1 Bd4 31.Rf4+ Bf6 32.e4 Rd4 33.Be3 e5 34.Rf3 Rd1 35.Bd2 Rxf3 36.Kxf3 Ke6
37.h4 h5 38.Rc3 Nb8 39.Rb3 Nd7 40.Ra3 Nb8 41.Ra5 Be7 42.Ke2 Rb1 43.Be3 g6
44.Bxc5 Rc1 45.Kd3 Bxc5 46.Rxc5 Nd7 47.Rc6+ Ke7 48.Kd2 Rf1 49.Ke2  1-0

[Event "Japfa Open"]
[Site "Bali INA"]
[Date "2000.05.10"]
[Round "8"]
[White "Villamayor,B"]
[Black "Juswanto,D"]
[Result "1/2-1/2"]
[WhiteElo "2474"]
[BlackElo "2483"]

1.d4 Nf6 2.c4 e6 3.g3 d5 4.Bg2 Be7 5.Nf3 O-O 6.O-O Nbd7 7.Qc2 c6 8.Nbd2 b6
9.e4 dxe4 10.Nxe4 Bb7 11.Rd1 Nxe4 12.Qxe4 Bd6 13.c5 Bc7 14.Qc2 Qe7 15.Bg5 Qe8
16.Re1 h6 17.Bd2 Qe7 18.Rac1 Rac8 19.a3 Rfd8 20.b4 Nf6 21.a4 bxc5 22.dxc5 Nd5
23.Qc4 Qf6 24.Rc2 Rd7 25.Bc1 a5 26.Bb2 Qg6 27.Nh4 Qg5 28.b5 Nb4 29.Rce2 Bb8
30.Bc1 Qf6 31.Bb2 Qg5 32.Bc1 Qf6  1/2-1/2

[Event "Open"]
[Site "Pula CRO"]
[Date "2000.05.17"]
[Round "2"]
[White "Tratar,M"]
[Black "Struk,J"]
[Result "1-0"]
[WhiteElo "2439"]
[BlackElo "2268"]

1.Nf3 d5 2.d4 Nf6 3.c4 e6 4.g3 Be7 5.Bg2 O-O 6.O-O dxc4 7.Qc2 a6 8.a4 Bd7
9.Qxc4 Bc6 10.Bg5 a5 11.Nc3 Nbd7 12.Rfe1 h6 13.Bxf6 Nxf6 14.e4 Bb4 15.Ne5 Ra6
16.Re2 Nd7 17.Nxd7 Bxd7 18.e5 Bxc3 19.bxc3 Bc6 20.Rd2 Bxg2 21.Kxg2 Rc6 22.Qb3 Rb6
23.Qa2 Qg5 24.Rb2 Rxb2 25.Qxb2 b6 26.Qb5 Qe7 27.Qc6 Rd8 28.Rd1 Rd5 29.Rd3 Qd8
30.f4 g6 31.Kf2 Kg7 32.Ke3 Rd7 33.Rd2 h5 34.h3 Rd5 35.c4 Rd7 36.Rd3 Qe7 37.d5 exd5
38.cxd5 Kh7 39.g4 Rd6 40.Qc4 Rd7 41.gxh5 Qh4 42.hxg6+ fxg6 43.Ke2 Re7 44.Qe4 Rf7
45.Rf3 Rf5 46.Kf1 Qe7 47.Kg2 Qc5 48.Rf2 Qf8 49.Qc4 Rf7 50.e6 Rg7 51.Qe4 Qf6
52.Qe5 Qe7 53.Kh2 Qc5 54.Re2 Qe7 55.Rg2 Qf8 56.Rc2 Qb4 57.Rxc7 Qd2+ 58.Kg3 Qd3+
59.Kh4 Rxc7 60.Qxc7+ Kh6  1-0

[Event "Open"]
[Site "Pula CRO"]
[Date "2000.05.21"]
[Round "6"]
[White "Tratar,M"]
[Black "Brumen,D"]
[Result "1/2-1/2"]
[WhiteElo "2439"]
[BlackElo "2403"]

1.Nf3 Nf6 2.c4 e6 3.g3 d5 4.d4 Be7 5.Bg2 O-O 6.O-O dxc4 7.Qc2 a6 8.Qxc4 b5
9.Qc2 Bb7 10.Bf4 Nc6 11.Rd1 Nb4 12.Qc1 Nbd5 13.Nc3 Nxf4 14.gxf4 Qc8 15.Qe3 Bd6
16.Ne5 Bxg2 17.Kxg2 Qb7+ 18.Qf3 Qxf3+ 19.Kxf3 c5 20.dxc5 Bxc5 21.Rac1 Rac8
22.a4 b4 23.Nb1 Rfe8 24.Nd2 Red8 25.Nb3 Rxd1 26.Rxd1 Be7 27.Rc1 Rxc1 28.Nxc1 Nd5
29.Ncd3 f5 30.Nc6 Bd6 31.Nd8 Nc7 32.Ke3 Nd5+ 33.Kf3 Nc7 34.h3 Kf8 35.Ke3 Ke8
36.Nb7 Nd5+ 37.Kd4 Bxf4 38.Nbc5 Ke7 39.Nxa6 Bd6 40.Kc4 g5 41.a5 h5 42.Nac5 g4
43.h4 g3 44.fxg3 Bxg3 45.Nxb4 Nc7 46.Nc6+ Kd6 47.Nd4 Bxh4 48.Ncxe6 Be1 49.Nc5 h4
50.Nxf5+ Kc6 51.Nd4+ Kd6 52.a6 h3 53.a7 Na8 54.Nf3 Kc6 55.Ne4 Ba5 56.Nf2 Bb6
57.Nxh3 Bxa7 58.Nf4 Nb6+ 59.Kd3 Na4 60.b3 Nc5+ 61.Kc4 Ne4 62.Nd4+ Kd7 63.Nc2 Nd2+
64.Kc3 Ne4+ 65.Kd3 Nc5+ 66.Kc4 Ne4 67.b4 Kd6 68.Nd3 Ng3 69.Nc1 Ke5 70.Kd3 Kd5
71.e3 Ne4 72.Na3 Nf2+ 73.Ke2 Ng4 74.Nc2 Kc4  1/2-1/2

[Event "57th ch-POL"]
[Site "Plock POL"]
[Date "2000.05.28"]
[Round "1"]
[White "Urban,K"]
[Black "Grabarczyk,M"]
[Result "1/2-1/2"]
[WhiteElo "2467"]
[BlackElo "2522"]

1.g3 Nf6 2.Bg2 d5 3.Nf3 e6 4.d4 Be7 5.c4 O-O 6.Qc2 c6 7.O-O Nbd7 8.Rd1 b6
9.b3 Bb7 10.Nc3 Qc8 11.Bf4 Ba6 12.cxd5 cxd5  1/2-1/2